Statistics for Top 5 Universities By Country #1

Click here to take the quiz!

General Stats

  • This quiz has been taken 21 times
    (18 since last reset)
  • The average score is 13 of 30

Answer Stats

dd% Correct
Cambridge
89%
Harvard
89%
Oxford
89%
Yale
89%
Paris
78%
Toronto
78%
UCL
78%
MIT
67%
dPrinceton
67%
Sydney
67%
Melbourne
61%
Munich
56%
Edinburgh
50%
Heidelberg
50%
Sorbonne
50%
British Columbia
44%
Columbia
44%
McGill
39%
Imperial
33%
UQA
33%
Alberta
22%
UNSW
22%
McMaster
11%
Monash
11%
TUM
11%
FUB
6%
HUB
6%
Paris Saclay
6%
Aix-Marseille
0%
UGA
0%

Score Distribution

Percentile by Number Answered

Percent of People with Each Score

Your Score History

You have not taken this quiz since the last reset